<?xml version="1.0" encoding="UTF-8"?>
<record
    xmlns:xsi="http://www.w3.org/2001/XMLSchema-instance"
    xsi:schemaLocation="http://www.loc.gov/MARC21/slim http://www.loc.gov/standards/marcxml/schema/MARC21slim.xsd"
    xmlns="http://www.loc.gov/MARC21/slim">

  <leader>02929nam a2200349 i 4500</leader>
  <controlfield tag="001">000045282</controlfield>
  <controlfield tag="003">DO-SdBNP</controlfield>
  <controlfield tag="005">20260416191046.0</controlfield>
  <controlfield tag="007">ta</controlfield>
  <controlfield tag="008">150224s2008    dr c          001 0 spa d</controlfield>
  <datafield tag="020" ind1=" " ind2=" ">
    <subfield code="a">9789945861396</subfield>
  </datafield>
  <datafield tag="040" ind1=" " ind2=" ">
    <subfield code="a">DO-SdBNP</subfield>
    <subfield code="b">spa</subfield>
    <subfield code="c">BNPHU</subfield>
    <subfield code="e">rda</subfield>
  </datafield>
  <datafield tag="082" ind1=" " ind2="4">
    <subfield code="2">22</subfield>
    <subfield code="b">A473e</subfield>
    <subfield code="a">RD 972.93053</subfield>
  </datafield>
  <datafield tag="100" ind1="1" ind2=" ">
    <subfield code="a">&#xC1;lvarez Pina, Virgilio</subfield>
    <subfield code="9">73307</subfield>
    <subfield code="e">autor</subfield>
  </datafield>
  <datafield tag="245" ind1="1" ind2="3">
    <subfield code="a">La Era de Trujillo :</subfield>
    <subfield code="b">narraciones de Don Cucho /</subfield>
    <subfield code="c">Virgilio &#xC1;lvarez Pina ; pr&#xF3;logo, Bernardo Vega ; Revisi&#xF3;n de originales y cuidado de edici&#xF3;n, Mario &#xC1;lvarez Dugan y &#xC1;ngela Pe&#xF1;a</subfield>
  </datafield>
  <datafield tag="250" ind1=" " ind2=" ">
    <subfield code="a">2da. reimpresi&#xF3;n</subfield>
  </datafield>
  <datafield tag="264" ind1=" " ind2=" ">
    <subfield code="a">Santo Domingo :</subfield>
    <subfield code="b">Corripio,</subfield>
    <subfield code="c">2008</subfield>
  </datafield>
  <datafield tag="300" ind1=" " ind2=" ">
    <subfield code="a">271 p&#xE1;ginas :</subfield>
    <subfield code="b">ilustraciones, retratos ;</subfield>
    <subfield code="c">27 cm.</subfield>
  </datafield>
  <datafield tag="336" ind1=" " ind2=" ">
    <subfield code="2">rdacontent</subfield>
    <subfield code="a">texto</subfield>
    <subfield code="b">txt</subfield>
  </datafield>
  <datafield tag="337" ind1=" " ind2=" ">
    <subfield code="2">rdamedia</subfield>
    <subfield code="a">sin mediaci&#xF3;n</subfield>
    <subfield code="b">n</subfield>
  </datafield>
  <datafield tag="338" ind1=" " ind2=" ">
    <subfield code="2">rdacarrier</subfield>
    <subfield code="a">volumen</subfield>
    <subfield code="b">nc</subfield>
  </datafield>
  <datafield tag="500" ind1=" " ind2=" ">
    <subfield code="a">Incluye &#xED;ndice onom&#xE1;stico. / &#xC1;ngela Pe&#xF1;a.</subfield>
  </datafield>
  <datafield tag="500" ind1=" " ind2=" ">
    <subfield code="a">Incluye datos biogr&#xE1;ficos del autor en las solapas de las cubiertas.</subfield>
  </datafield>
  <datafield tag="505" ind1=" " ind2=" ">
    <subfield code="a">Pr&#xF3;logo / </subfield>
    <subfield code="r">Bernardo Vega.--</subfield>
    <subfield code="t">La noche del 30 de mayo / </subfield>
    <subfield code="r">Virgilio &#xC1;lvarez Bonilla (Villi).--</subfield>
    <subfield code="t">30 a&#xF1;os despu&#xE9;s.-- &#xBF;Perseverancia o suerte?.-- El golpe consumado.-- Ambicioso y peligroso.-- El pupilo de Horacio V&#xE1;squez.-- El pupilo de Horacio V&#xE1;squez.-- Conspiraci&#xF3;n manifiesta.-- Trujillo toma posesi&#xF3;n.-- San Zen&#xF3;n.-- Consolidaci&#xF3;n del r&#xE9;gimen.-- La muerte de Desiderio Arias.-- Mi entendimiento con Trujillo.-- Breve desgracia.-- A&#xF1;os de gloria y de comedia.-- La matanza de los haitianos.-- Un extranjero en Palacio.-- &#xDA;ltima presidencia de Trujillo.--</subfield>
    <subfield code="t">El ascenso de Anselmo Paulino.-- "El Castillo o la casa de Orate". Foro P&#xFA;blico.-- El llamado "cuchipaineo".-- Reclusi&#xF3;n en "El Algodonal".-- Trujillo en Europa y Descenso de Anselmo.-- La feria de la Paz.-- El caso Gal&#xED;ndez.-- La invasi&#xF3;n del 14 de Junio.-- El movimiento clandestino.-- En la Secretar&#xED;a de Cultos.-- La Carta Pastoral.-- Encuentro con los obispos.-- Entrevista secreta.-- El caso del Banco Central.-- Viaje a la frontera.-- </subfield>
    <subfield code="t">El incidente de Puerto Plata.-- Los &#xFA;ltimos d&#xED;as de Trujillo.-- "Los dejo y pronto".-- Martes, 30 de Mayo.-- La tarde del 30 de mayo.-- Sucesos despu&#xE9;s de la muerte.-- Viva el Jefe.-- La persecuci&#xF3;n.-- Consecuencias posteriores.-- Despu&#xE9;s de Muerto Trujillo &#xBF;qu&#xE9;?.-- D&#xED;as dif&#xED;ciles.--- Mi entrevista con Ramfis.-- Tiempo de exilio.</subfield>
    <subfield code="t">Anexo I.-- Fotograf&#xED;as.-- Anexo II.-- </subfield>
    <subfield code="t">El espectro del Mogote /</subfield>
    <subfield code="r">Virgilio &#xC1;lvarez S&#xE1;nchez.--</subfield>
    <subfield code="t">Relatos de "Cuchito" /</subfield>
    <subfield code="t">&#xCD;ndice onom&#xE1;stico /</subfield>
    <subfield code="r">Mario &#xC1;lvarez Dur&#xE1;n.--</subfield>
    <subfield code="t">&#xC1;ngela Pe&#xF1;a.</subfield>
  </datafield>
  <datafield tag="590" ind1=" " ind2=" ">
    <subfield code="a">Inventariado 2024 / MF</subfield>
  </datafield>
  <datafield tag="600" ind1="1" ind2="0">
    <subfield code="a">Trujillo Molina, Rafael Le&#xF3;nidas,</subfield>
    <subfield code="d"> 1891-1961</subfield>
    <subfield code="9">76764</subfield>
  </datafield>
  <datafield tag="651" ind1=" " ind2="4">
    <subfield code="9">19019</subfield>
    <subfield code="a">Rep&#xFA;blica Dominicana</subfield>
    <subfield code="x">Historia</subfield>
    <subfield code="y">Era de Trujillo, 1930-1961</subfield>
  </datafield>
  <datafield tag="700" ind1="1" ind2=" ">
    <subfield code="a">Vega, Bernardo,</subfield>
    <subfield code="d">1938 -</subfield>
    <subfield code="e">prologo</subfield>
    <subfield code="9">3222</subfield>
  </datafield>
  <datafield tag="700" ind1=" " ind2=" ">
    <subfield code="a"> Alvarez Dugan, Mario</subfield>
    <subfield code="d">1931-2008</subfield>
    <subfield code="e">editor</subfield>
    <subfield code="9">23311</subfield>
  </datafield>
  <datafield tag="700" ind1="1" ind2=" ">
    <subfield code="a">Pe&#xF1;a, Angela,</subfield>
    <subfield code="e">editor</subfield>
    <subfield code="9">37722</subfield>
  </datafield>
  <datafield tag="942" ind1=" " ind2=" ">
    <subfield code="2">ddc</subfield>
    <subfield code="c">LBS1</subfield>
  </datafield>
  <datafield tag="952" ind1=" " ind2=" ">
    <subfield code="0">0</subfield>
    <subfield code="1">0</subfield>
    <subfield code="2">ddc</subfield>
    <subfield code="5">1</subfield>
    <subfield code="7">0</subfield>
    <subfield code="8">PD</subfield>
    <subfield code="a">BNPHU</subfield>
    <subfield code="b">BNPHU</subfield>
    <subfield code="c">CT</subfield>
    <subfield code="d">2015-02-24</subfield>
    <subfield code="o">BNPHU PD RD 972.93053 A473e</subfield>
    <subfield code="p">45282-10</subfield>
    <subfield code="r">2020-06-25</subfield>
    <subfield code="w">2020-06-25</subfield>
    <subfield code="y">LBS1</subfield>
  </datafield>
  <datafield tag="952" ind1=" " ind2=" ">
    <subfield code="0">0</subfield>
    <subfield code="1">0</subfield>
    <subfield code="2">ddc</subfield>
    <subfield code="5">1</subfield>
    <subfield code="7">0</subfield>
    <subfield code="8">PD</subfield>
    <subfield code="a">BNPHU</subfield>
    <subfield code="b">BNPHU</subfield>
    <subfield code="c">CT</subfield>
    <subfield code="d">2021-03-19</subfield>
    <subfield code="e">Donado por Casal A. Castillo</subfield>
    <subfield code="o">RD 972.93053 A473e</subfield>
    <subfield code="p">2023-0434</subfield>
    <subfield code="r">2023-01-26</subfield>
    <subfield code="t">e.2</subfield>
    <subfield code="w">2023-01-26</subfield>
    <subfield code="y">LBS1</subfield>
  </datafield>
  <datafield tag="952" ind1=" " ind2=" ">
    <subfield code="0">0</subfield>
    <subfield code="1">0</subfield>
    <subfield code="2">ddc</subfield>
    <subfield code="5">6</subfield>
    <subfield code="7">0</subfield>
    <subfield code="8">DS</subfield>
    <subfield code="a">BNPHU</subfield>
    <subfield code="b">BNPHU</subfield>
    <subfield code="c">CT</subfield>
    <subfield code="d">2023-02-01</subfield>
    <subfield code="e">Donaci&#xF3;n</subfield>
    <subfield code="o">BNPHU DS RD972.93053 A473e </subfield>
    <subfield code="p">2023-0490</subfield>
    <subfield code="r">2023-02-01</subfield>
    <subfield code="t">e.3</subfield>
    <subfield code="w">2023-02-01</subfield>
    <subfield code="y">LBS1</subfield>
  </datafield>
  <datafield tag="999" ind1=" " ind2=" ">
    <subfield code="c">44771</subfield>
    <subfield code="d">44771</subfield>
  </datafield>
</record>
